Religion Quiz

Random Religion or Bible Quiz

Bible Blitz 7 - Missing Word Quiz Stats

 Plays Quiz not verified by Sporcle

Score 0/12 Timer 01:00
0 Plays Today
% Correct
earth
85%
light
79.7%
dust
75.9%
knowledge
73.7%
ribs
73.7%
serpent
72.2%
fig
69.9%
bones
65.4%
tree
63.9%
mist
60.2%
enmity
55.6%
river
40.6%

You're not logged in!

Compare scores with friends on all Sporcle quizzes.
OR
Log In

You Might Also Like...

Show Comments

Extras

Top Quizzes Today


Score Distribution

Your Account Isn't Verified!

In order to create a playlist on Sporcle, you need to verify the email address you used during registration. Go to your Sporcle Settings to finish the process.

Report this User

Report this user for behavior that violates our Community Guidelines.

Details: